[Event "FRA-ch U14"]
[Site "Gonfreville"]
[Date "2016.04.11"]
[Round "2.6"]
[White "Saucourt, Charles"]
[Black "Gatineau, Yovann"]
[Result "0-1"]
[WhiteElo "1811"]
[BlackElo "2279"]
[PlyCount "56"]
[EventDate "2016.04.22"]
[EventType "swiss"]
[EventRounds "9"]
[EventCountry "FRA"]
[SourceTitle "EXT 2019"]
[Source "ChessBase"]
[SourceDate "2018.10.10"]
[SourceVersion "1"]
[SourceVersionDate "2018.10.10"]
[SourceQuality "1"]

1. d4 Nf6 2. c4 g6 3. Nc3 d5 4. Nf3 Bg7 5. Bg5 Ne4 6. cxd5 Nxg5 7. Nxg5 e6 8. Qa4+ Nd7 9. Nxe6 fxe6 10. dxe6 0-0 11. exd7 Bxd7 12. Qb3+ Kh8 13. e3 Qh4 14. Qc2 Rae8 15. g3 Qxd4 16. Rd1 Qg4 17. Bg2 Bf5 18. e4 Be6 19. 0-0 Bc4 20. Rfe1 c5 21. b3 Ba6 22. Ne2 g5 23. Rd2 b6 24. h3 Qh5 25. Rd7 Bc8 26. g4 Qh4 27. Rd2 Qxf2+ 28. Kh2 Be5+ 0-1

[Event "Sautron op 15th"]
[Site "Sautron"]
[Date "2015.10.23"]
[Round "3.23"]
[White "Saucourt, Charles"]
[Black "Caderon, Michel"]
[Result "0-1"]
[WhiteElo "1755"]
[BlackElo "1993"]
[PlyCount "45"]
[EventDate "2015.10.24"]
[EventType "swiss"]
[EventRounds "9"]
[EventCountry "FRA"]
[SourceTitle "EXT 2019"]
[Source "ChessBase"]
[SourceDate "2018.10.10"]
[SourceVersion "1"]
[SourceVersionDate "2018.10.10"]
[SourceQuality "1"]

1. d4 Nf6 2. c4 g6 3. Nc3 Bg7 4. e4 d6 5. Be2 0-0 6. h3 e5 7. d5 Na6 8. Qc2 Ne8 9. g4 c6 10. Nf3 Nec7 11. Be3 Qe7 12. g5 cxd5 13. Nxd5 Nxd5 14. cxd5 b6 15. a3 Bb7 16. b4 Qd7 17. Nd2 Rfc8 18. Qb3 Rc7 19. Nc4 Bf8 20. b5 Nc5 21. Bxc5 Rxc5 22. a4 Be7 23. h4 0-1

[Event "Sautron op 15th"]
[Site "Sautron"]
[Date "2015.10.23"]
[Round "7.26"]
[White "Saucourt, Charles"]
[Black "Richard, Emma"]
[Result "0-1"]
[WhiteElo "1755"]
[BlackElo "2061"]
[PlyCount "58"]
[EventDate "2015.10.24"]
[EventType "swiss"]
[EventRounds "9"]
[EventCountry "FRA"]
[SourceTitle "EXT 2019"]
[Source "ChessBase"]
[SourceDate "2018.10.10"]
[SourceVersion "1"]
[SourceVersionDate "2018.10.10"]
[SourceQuality "1"]

1. d4 Nf6 2. c4 e6 3. Nc3 c5 4. Nf3 d5 5. cxd5 exd5 6. e3 Nc6 7. Bd3 Be7 8. 0-0 0-0 9. a3 Bg4 10. Be2 Rc8 11. Qd3 Na5 12. Qb5 c4 13. Ne5 Bxe2 14. Nxe2 a6 15. Qa4 Nb3 16. Rb1 Ra8 17. Nc3 b5 18. Nxb5 axb5 19. Qxb5 Qc7 20. Nc6 Bd6 21. Nb4 Rfb8 22. Qc6 Qxc6 23. Nxc6 Rb6 24. Ne5 Bxe5 25. dxe5 Ne4 26. Rd1 c3 27. bxc3 Nxc3 28. Bb2 Nxb1 29. Rxb1 Nd2 0-1

[Event "Nantes op 12th"]
[Site "Nantes "]
[Date "2013.12.28"]
[Round "3"]
[White "Lagarde, Maxime"]
[Black "Saucourt, Charles"]
[Result "1-0"]
[WhiteElo "2511"]
[BlackElo "1504"]
[PlyCount "21"]
[EventDate "2013.12.27"]
[EventType "swiss"]
[EventRounds "7"]
[EventCountry "FRA"]
[SourceTitle "CBM 158 Extra"]
[Source "ChessBase"]
[SourceDate "2014.02.28"]
[SourceVersion "1"]
[SourceVersionDate "2014.02.28"]
[SourceQuality "1"]

1. e4 e6 2. Qe2 Bc5 3. c3 c6 4. d4 Bb6 5. e5 Ne7 6. Nd2 c5 7. Ne4 Bc7 8. Nxc5 b6 9. Ne4 Bb7 10. Qg4 Ng6 11. Bd3 1-0